Up close with Lee Kuan Yew : (Record no. 356380)
[ view plain ]
| 000 -LEADER | |
|---|---|
| fixed length control field | 00547nam a22001697a 4500 |
| 003 - CONTROL NUMBER IDENTIFIER | |
| control field | SISC |
| 005 - DATE AND TIME OF LATEST TRANSACTION | |
| control field | 20180411165156.0 |
| 008 - FIXED-LENGTH DATA ELEMENTS--GENERAL INFORMATION | |
| fixed length control field | 180411b xxu||||| |||| 00| 0 eng d |
| 020 ## - INTERNATIONAL STANDARD BOOK NUMBER | |
| International Standard Book Number | 9789814677790 |
| 050 ## - LIBRARY OF CONGRESS CALL NUMBER | |
| Classification number | DS 610.73.L45 |
| Item number | .Up65 2016 |
| 245 ## - TITLE STATEMENT | |
| Title | Up close with Lee Kuan Yew : |
| Remainder of title | insights from colleagues and friends / |
| 260 ## - PUBLICATION, DISTRIBUTION, ETC. (IMPRINT) | |
| Place of publication, distribution, etc | Singapore : |
| Name of publisher, distributor, etc | Marshall Cavendish Editions, |
| Date of publication, distribution, etc | 2016. |
| 300 ## - PHYSICAL DESCRIPTION | |
| Extent | 328 pages |
| 650 ## - SUBJECT ADDED ENTRY--TOPICAL TERM | |
| Topical term or geographic name as entry element | Lee, Kuan Yew, -- 1923-2015 -- Anecdotes. |
| 650 ## - SUBJECT ADDED ENTRY--TOPICAL TERM | |
| Topical term or geographic name as entry element | Prime ministers -- Singapore -- Anecdotes. |
| 942 ## - ADDED ENTRY ELEMENTS (KOHA) | |
| Source of classification or shelving scheme | Library of Congress Classification |
| Koha item type | Books |
| Withdrawn status | Lost status | Source of classification or shelving scheme | Damaged status | Home library | Current library | Shelving location | Date acquired | Source of acquisition | Sub Shelving location | Total Checkouts | Total Renewals | Full call number | Barcode | Date last seen | Date checked out | Price effective from | Koha item type |
|---|---|---|---|---|---|---|---|---|---|---|---|---|---|---|---|---|---|
| Library of Congress Classification | College Library | College Library | Graduate Section | 04/11/2018 | Library Fund | 2 | 19 | DS 610.73.L45 .Up65 2016 | C21482 | 01/16/2019 | 11/14/2018 | 04/11/2018 | Books |